Situación actual y perspectivas del sector agropecuario en Costa Rica /

Guardado en:
Bibliografiske detaljer
Hovedforfatter: Solís Fallas, Ottón
Format: Texto
Fag:
Tags: Tilføj Tag
Ingen Tags, Vær først til at tagge denne postø!

MARC

LEADER 00000 a a2200000 04500
001 12553
003
040
100 |a Solís Fallas, Ottón  
245 |a Situación actual y perspectivas del sector agropecuario en Costa Rica /  |c Ottón Solís Fallas 
650 |a SECTOR AGROPECUARIO  
650 |a POLITICA ECONOMICA  
650 |a PEQUEÑOS AGRICULTORES  
650 |a INGENIERIA AGRICOLA  
650 |a CREDITO RURAL  
650 |a CAMBIO TECNOLOGICO  
773 |g volumen 1, número 1; páginas 64-71  
999 |c 30688  |d 30688